000 00824 a2200229 4500
001 53961
005 20260407155810.0
008 260407a1983 arg spa d
003 AR-UNSa-BCEJYS
040 _aAR-UNSa-BCEJYS
_bspa
_cAR-UNSa-BCEJYS
080 _a330.1
_xCiencia económica. Conceptos fundamentales de teoría económica. Valor. Capital. Fondos
245 1 0 _a¿Qué le ocurre a la teoría económica?
020 _a84-206-2277-X
264 1 _aMadrid :
_bAlianza Editorial
_c1983
300 _a201 p.
_c20 cm.
505 _a1. La teoría económica neoclásica - 2. El marxismo - 3. El hombre social - 4. El arte de la peresuación - 5. Valores y hechos
041 _aspa
942 _cBK
590 _aniveau_biblio:m niveau_hierar:0
100 1 _aWard, Benjamin
700 1 _aZapatero Martín, Juan Carlos
999 _c5306
_d5306